000 00916cam a2200277 a 4500
001 87750
005 20230404125637.0
008 981229s1998 mx a q 000 0 spa
035 _a(OCoLC)ocm35157783
040 _aIXA
_cIXA
_dEL$
_dOCL
035 _a(OCoLC)35157783
043 _an-mx---
050 1 4 _aCD F 00774
049 _aGRAL
100 1 _aCabrero Mendoza, Enrique.
245 1 0 _aModernisation administrative ou participation sociale :
_bles paradoxes des gouvernements locaux dans la transition mexicaine /
_cEnrique Cabrero Mendoza.
250 _a1. ed.
260 _aMéxico, D.F. :
_bCentro de Investigación y Docencia Económicas,
_cc1998.
300 _a18 p. :
_bill. ;
_c28 cm.
490 1 _aDocumento de trabajo ;
_vNum. 40
504 _aIncludes bibliographical references
651 0 _aMexico
_xPolitics and government
_y1988-
942 _2lcc
_ccd
994 _aC0
_bDRFGD
946 _aYSL
999 _c1721
_d1721